5HLuxD.jpg

KING HENRY VIII SENIOR AND PRIMARY SCHOOL LIBRARY OPAC

Cambridge IGCSE co-ordinated sciences physics : (Record no. 2536)

000 -LEADER
fixed length control field 00785nam a22002658i 4500
001 - CONTROL NUMBER
control field 018163299
003 - CONTROL NUMBER IDENTIFIER
control field Uk
005 - DATE AND TIME OF LATEST TRANSACTION
control field 20230712085213.0
008 - FIXED-LENGTH DATA ELEMENTS--GENERAL INFORMATION
fixed length control field 161101s2017 enk j 000|0|eng|d
020 ## - INTERNATIONAL STANDARD BOOK NUMBER
International Standard Book Number 9780008210229
040 ## - CATALOGING SOURCE
Original cataloging agency StDuBDS
Language of cataloging eng
Transcribing agency StDuBDS
Description conventions rda
Modifying agency KH8
082 04 - DEWEY DECIMAL CLASSIFICATION NUMBER
Classification number 530 BRA
100 1# - MAIN ENTRY--PERSONAL NAME
Personal name Bradley, Malcolm,
Relator term author.
245 10 - TITLE STATEMENT
Title Cambridge IGCSE co-ordinated sciences physics :
Remainder of title student book /
Statement of responsibility, etc. Malcolm Bradley, Susan Gardner.
264 #1 - PRODUCTION, PUBLICATION, DISTRIBUTION, MANUFACTURE, AND COPYRIGHT NOTICE
Place of production, publication, distribution, manufacture London :
Name of producer, publisher, distributor, manufacturer Collins,
Date of production, publication, distribution, manufacture, or copyright notice [2017]
300 ## - PHYSICAL DESCRIPTION
Extent 375 pages ;
Dimensions 27 cm
336 ## - CONTENT TYPE
Content type term text
Source rdacontent
337 ## - MEDIA TYPE
Media type term unmediated
Source rdamedia
338 ## - CARRIER TYPE
Carrier type term volume
Source rdacarrier
500 ## - GENERAL NOTE
General note Includes index
650 #0 - SUBJECT ADDED ENTRY--TOPICAL TERM
Topical term or geographic name entry element Physics.
650 #0 - SUBJECT ADDED ENTRY--TOPICAL TERM
Topical term or geographic name entry element Physics
Form subdivision Problems, exercises, etc.
700 1# - ADDED ENTRY--PERSONAL NAME
Personal name Gardner, Susan,
Relator term author.
942 ## - ADDED ENTRY ELEMENTS (KOHA)
Source of classification or shelving scheme
Koha item type Teaching Resources
Holdings
Withdrawn status Lost status Source of classification or shelving scheme Damaged status Not for loan Collection code Permanent Location Current Location Shelving location Date acquired Total Checkouts Full call number Barcode Date due Date last seen Date last checked out Price effective from Koha item type
          Teaching Resources KH8 Senior School Library KH8 Senior School Library Staff Office 2023-07-12 1 530 BRA TRKHSL000612 2026-07-03 2025-08-27 2025-08-27 2023-07-12 Teaching Resources
          Teaching Resources KH8 Senior School Library KH8 Senior School Library Staff Office 2023-07-12 1 530 BRA TRKHSL000613 2026-07-03 2025-08-28 2025-08-28 2023-07-12 Teaching Resources
          Teaching Resources KH8 Senior School Library KH8 Senior School Library Staff Office 2023-07-12   530 BRA TRKHSL000614   2023-07-12   2023-07-12 Teaching Resources
          Teaching Resources KH8 Senior School Library KH8 Senior School Library Staff Office 2023-07-12 1 530 BRA TRKHSL000615 2026-07-03 2025-08-28 2025-08-28 2023-07-12 Teaching Resources
          Teaching Resources KH8 Senior School Library KH8 Senior School Library Staff Office 2023-07-12   530 BRA TRKHSL000616   2023-07-12   2023-07-12 Teaching Resources
          Teaching Resources KH8 Senior School Library KH8 Senior School Library Staff Office 2023-07-12 1 530 BRA TRKHSL000617 2026-07-03 2025-08-27 2025-08-27 2023-07-12 Teaching Resources
          Teaching Resources KH8 Senior School Library KH8 Senior School Library Staff Office 2023-07-12   530 BRA TRKHSL000618   2023-07-12   2023-07-12 Teaching Resources
          Teaching Resources KH8 Senior School Library KH8 Senior School Library Staff Office 2023-07-12 1 530 BRA TRKHSL000619 2026-07-03 2025-08-28 2025-08-28 2023-07-12 Teaching Resources
          Teaching Resources KH8 Senior School Library KH8 Senior School Library Staff Office 2023-07-12 1 530 BRA TRKHSL000620 2026-07-03 2025-08-27 2025-08-27 2023-07-12 Teaching Resources
          Teaching Resources KH8 Senior School Library KH8 Senior School Library Staff Office 2023-07-12 2 530 BRA TRKHSL000621 2026-07-03 2026-01-06 2026-01-06 2023-07-12 Teaching Resources
          Teaching Resources KH8 Senior School Library KH8 Senior School Library Staff Office 2023-07-12 1 530 BRA TRKHSL000622   2025-12-12 2025-08-28 2023-07-12 Teaching Resources
          Teaching Resources KH8 Senior School Library KH8 Senior School Library Staff Office 2023-07-12   530 BRA TRKHSL000623   2023-07-12   2023-07-12 Teaching Resources
          Teaching Resources KH8 Senior School Library KH8 Senior School Library Staff Office 2023-07-12   530 BRA TRKHSL000624   2023-07-12   2023-07-12 Teaching Resources
          Teaching Resources KH8 Senior School Library KH8 Senior School Library Staff Office 2023-07-12   530 BRA TRKHSL000625   2023-07-12   2023-07-12 Teaching Resources
          Teaching Resources KH8 Senior School Library KH8 Senior School Library Staff Office 2023-07-12   530 BRA TRKHSL000626   2023-07-12   2023-07-12 Teaching Resources
          Teaching Resources KH8 Senior School Library KH8 Senior School Library Staff Office 2023-07-12 1 530 BRA TRKHSL000627   2025-09-09 2025-09-04 2023-07-12 Teaching Resources
          Teaching Resources KH8 Senior School Library KH8 Senior School Library Staff Office 2023-07-12   530 BRA TRKHSL000628   2023-07-12   2023-07-12 Teaching Resources
          Teaching Resources KH8 Senior School Library KH8 Senior School Library Staff Office 2023-07-12 1 530 BRA TRKHSL000629 2026-07-03 2025-08-28 2025-08-28 2023-07-12 Teaching Resources
          Non-Fiction KH8 Senior School Library KH8 Senior School Library Non Fiction 2025-02-04   530 BRA 3KHSL000102172   2025-02-04   2025-02-04 Books - Non Ficton

Powered By KH8 IT Dept